01195nam a2200313Ia 4500001001200000003000800012006001900020007001500039008004100054010001700095015001500112020001500127020002100142040002100163035002100184050002500205100003000230245007800260260004300338300001600381504006600397533015200463650004700615650002800662650001900690655002900709710001700738856012600755ebr10135449CaPaEBRm u cr cn|||||||||030108s2003 nyu sb 001 0 eng d z 2003041024 aGBA3-Y6044 z1403978603 z1403961360 (cl.) aCaPaEBRcCaPaEBR a(OCoLC)56046233914aBP173.7b.F85 2003eb1 aFuller, Graham E.,d1937-14aThe future of political Islamh[electronic resource] /cGraham E. Fuller. aNew York :bPalgrave Macmillan,c2003. axix, 227 p. aIncludes bibliographical references (p. [215]-220) and index. aElectronic reproduction.bPalo Alto, Calif. :cebrary,d2009.nAvailable via World Wide Web.nAccess may be limited to ebrary affiliated libraries. 0aIslam and politicsxHistoryy20th century. 0aIslamic fundamentalism. 0aEast and West. 7aElectronic books.2local2 aebrary, Inc.40uhttp://site.ebrary.com/lib/rucke/Doc?id=10135449zAn electronic book accessible through the World Wide Web; click to view